Sports Quiz

Random Sports or MLB Quiz

All-Teammate Team: Steve Carlton Quiz Stats

Quiz not verified by Sporcle

Score 0/11 Timer 05:00
0 Plays Today
Position Player % Correct
3rd BaseMike Schmidt (Phillies 1972-1986)
94.5%
ShortstopLarry Bowa (Phillies 1972-1981)
83.6%
Starting PitcherBob Gibson (Cardinals 1965-1971)
78.1%
Center FieldGarry Maddox (Phillies 1975-1986)
68.5%
Left Field Lou Brock (Cardinals 1965-1971)
61.6%
CatcherTim McCarver (Cardinals 1965-1969, Phillies 1972, 1975-1980)
61.6%
1st BaseOrlando Cepeda (Cardinals 1966-1968)
43.8%
Right FieldBake McBride (Phillies 1977-1981)
39.7%
Manager (by Seamheads Managerial Points)Red Schoendienst (Cardinals 1965-1971)
38.4%
2nd BaseDave Cash (Phillies 1974-1976)
32.9%
Relief PitcherRon Reed (Phillies 1976-1983)
15.1%

You're not logged in!

Compare scores with friends on all Sporcle quizzes.
Sign Up with Email
OR
Log In

You Might Also Like...

Show Comments

Extras

Top Quizzes Today


Score Distribution

Your Account Isn't Verified!

In order to create a playlist on Sporcle, you need to verify the email address you used during registration. Go to your Sporcle Settings to finish the process.

Report this User

Report this user for behavior that violates our Community Guidelines.

Details: